000
00269nam a22001217a 4500
003
SGT
082
_a
370
_b
MAK
100
_a
MAKAL, RAJESH
245
_a
UNDERSTANDING DISCIPLINE & SUBJECT
260
_a
DELHI
_b
KALA MANDEER
_c
2018
300
_a
348
942
_2
ddc
_c
BK
_0
3
999
_c
17160
_d
17160